000 00254nam a22001217a 4500
082 _a494
_bJOS/S
100 _aJOSHY,PREMA
245 _aSARAS NIBHANDH AVAM
260 _aDELHI
_bSAHNI PUBLICATION
300 _a144
650 _aESSAY
_zDELHI
942 _cBK
999 _c4504
_d4504